The bouncing king / (Record no. 6344)

MARC details
000 -LEADER
fixed length control field 01546nam a22003017a 4500
001 - CONTROL NUMBER
control field 6344
003 - CONTROL NUMBER IDENTIFIER
control field FISKH
005 - DATE AND TIME OF LATEST TRANSACTION
control field 20250423101339.0
008 - FIXED-LENGTH DATA ELEMENTS--GENERAL INFORMATION
fixed length control field 250423b cb ||||| |||| 00| 0 eng d
020 ## - INTERNATIONAL STANDARD BOOK NUMBER
International Standard Book Number 9781848797291
040 ## - CATALOGING SOURCE
Original cataloging agency FISKH
Language of cataloging eng
Transcribing agency FISKH
Modifying agency FISKH
050 ## - LIBRARY OF CONGRESS CALL NUMBER
Classification number PZ7
082 ## - DEWEY DECIMAL CLASSIFICATION NUMBER
Classification number 813.6
100 ## - MAIN ENTRY--PERSONAL NAME
Personal name Barnes, Zoe
245 ## - TITLE STATEMENT
Title The bouncing king /
Statement of responsibility, etc. Illustrated by Yannick Robert
250 ## - EDITION STATEMENT
Edition statement This edition first published in 2010
260 ## - PUBLICATION, DISTRIBUTION, ETC.
Place of publication, distribution, etc. Hertfortshire :
Name of publisher, distributor, etc. Castle Street Press,
Date of publication, distribution, etc. 2006.
300 ## - PHYSICAL DESCRIPTION
Extent 30 pages :
Other physical details color illustrations ;
Dimensions 23 cm
490 ## - SERIES STATEMENT
Series statement Ready to read :
Volume/sequential designation level 1
504 ## - BIBLIOGRAPHY, ETC. NOTE
Bibliography, etc. note G<br/>
520 ## - SUMMARY, ETC.
Summary, etc. The story follows Katie, a woman navigating the ups and downs of life after divorce. When her marriage collapses, Katie finds herself re-evaluating everything: her career, her social circle, and especially her love life. She’s not looking for love, but then along comes Alex, the charismatic and slightly mysterious "Bouncing King"—a children's party entertainer who literally bounces his way into her world. As Katie gets to know Alex, her world starts to shake in unexpected ways. He's fun, unconventional, and nothing like the safe, dependable type she thought she needed. But is he too much of a wild card for someone who's just beginning to piece her life back together?
521 8# - TARGET AUDIENCE NOTE
Target audience note 370<br/>
Source Lexile<br/>
521 8# - TARGET AUDIENCE NOTE
Target audience note G<br/>
Source Raz-Plus<br/><br/><br/>
650 ## - SUBJECT ADDED ENTRY--TOPICAL TERM
Topical term or geographic name entry element Adventure
Form subdivision Children's Literature
General subdivision Fun
Chronological subdivision Friendship
700 ## - ADDED ENTRY--PERSONAL NAME
Personal name Robert, Yannick
Dates associated with a name Illustrator
942 ## - ADDED ENTRY ELEMENTS (KOHA)
Source of classification or shelving scheme Dewey Decimal Classification
Koha item type Books
Suppress in OPAC No
Holdings
Withdrawn status Lost status Source of classification or shelving scheme Damaged status Not for loan Collection Home library Current library Shelving location Date acquired Total Checkouts Full call number Barcode Date last seen Copy number Price effective from Koha item type
    Dewey Decimal Classification     Juvenile Fiction Footprints International School Library Network Toul Kork Campus Footprints International School Library Network Toul Kork Campus TK Primary Library Room(4th Floor), Bookcase 7, Shelves 57-60, Dark Green Books 04/23/2025   BAR 813.6 PZ7 FISBK02535 04/23/2025 1 04/23/2025 Books